00388nam a2200157Ia 4500008004100000020001500041041001200056082001100068100001600079245005900095250001200154260003600166300000800202650000700210700001300217221030s9999 xx 000 0 und d a812190871X aEnglish a105.23 aV. K. Mehta 0aBasic Electrical Engineeringcby V. K. Mehta, R. Mehta aRev.ed. bS. Chand & Co.aNew Delhic2009 a903 aEE aR. Mehta